Profitable direct marketing
Gardado en:
| Autor Principal: | |
|---|---|
| Formato: | Libro |
| Idioma: | English |
| Publicado: |
London ; Boston :
International Thomson Business Press,
1998.
|
| Những chủ đề: | |
| Các nhãn: |
Engadir etiqueta
Sen Etiquetas, Sexa o primeiro en etiquetar este rexistro!
|
| Thư viện lưu trữ: | Mạng thư viện Đại học Đà Nẵng |
|---|
| LEADER | 00884cmm a2200325 i 4500 | ||
|---|---|---|---|
| 001 | 000049964 | ||
| 003 | 10140 | ||
| 005 | 20030212085545.0 | ||
| 008 | 010427|1998 vm 000 eng | ||
| 020 | |a 0186152145 6 | ||
| 040 | |a IRC |c IRC |d IRC | ||
| 041 | 0 | |a eng | |
| 082 | 1 | 4 | |a 658.84 |b MA-I |
| 100 | 1 | |a Matitland, Iain. | |
| 245 | 0 | 0 | |a Profitable direct marketing |h [Float Disk-Đĩa mềm] / |c Iain Matitland. |
| 260 | |a London ; Boston : |b International Thomson Business Press, |c 1998. | ||
| 300 | |a 1 computer disk ; |c 3 1/2 in. | ||
| 630 | 0 | 4 | |a Direct marketing. |
| 650 | 0 | 4 | |a Direct marketing |z Great Britain. |
| 650 | 0 | 4 | |a Direct marketing. |
| OWN | |a DUT | ||
| 999 | |a From the UDN01 | ||
| TYP | |a Computer file | ||
| TYP | |a Monograph | ||
| 980 | |a Mạng thư viện Đại học Đà Nẵng | ||